| 000 | 00708nac a22002171u 4500 | ||
|---|---|---|---|
| 010 | _a 98044233 | ||
| 020 | _a0201357488 | ||
| 082 | 0 | 0 |
_a005.133 _bHAN |
| 090 |
_c7330 _d7330 |
||
| 100 | _aHanly, Jeri R. | ||
| 245 | 1 | 0 |
_aProblem solving and program design in C / _cby Jeri R. Hanly, Elliot B. Koffman. |
| 250 | _a3rd ed. | ||
| 260 |
_aReading, MA : _bAddison Wesley,1999 _c1999. |
||
| 300 |
_a1 v.: _bill.; _c22 cm. |
||
| 500 | _adistributer: Al-Ahram | ||
| 504 | _aIncludes bibliographical references and index. | ||
| 511 | _acatalogued by: wessam | ||
| 650 | 0 | _aC (Computer program language) | |
| 700 | 1 | _aKoffman, Elliot B. | |
| 942 |
_cBB _k005.133HAN |
||
| 999 |
_c7330 _d7330 |
||